[Event "Valdivia op 2nd"]
[Site "Valdivia"]
[Date "2021.09.19"]
[Round "4"]
[White "Orpinas Konig, Claudio Javier"]
[Black "Toro Medina, Mathias Alexander"]
[Result "1-0"]
[WhiteElo "2116"]
[BlackElo "1467"]
[PlyCount "61"]
[EventDate "2021.09.16"]
[EventType "swiss"]
[EventRounds "6"]
[EventCountry "CHI"]
[SourceTitle "CBM 204 Extra"]
[Source "ChessBase"]
[SourceDate "2021.11.30"]
[SourceVersion "1"]
[SourceVersionDate "2021.11.30"]
[SourceQuality "1"]

1. d4 Nf6 2. c4 b6 3. Nc3 Bb7 4. Qc2 e6 5. e4 d5 6. cxd5 exd5 7. e5 Ne4 8. Nxe4 dxe4 9. Bb5+ c6 10. Qxe4 Bb4+ 11. Kf1 Qd7 12. Bc4 c5 13. Qe2 cxd4 14. Nf3 Bc5 15. e6 fxe6 16. Bxe6 Qe7 17. Bg5 Ba6 18. Bxe7 Bxe2+ 19. Kxe2 Kxe7 20. Bd5 Nd7 21. Bxa8 Rxa8 22. Kd3 Rd8 23. Rhe1+ Kf6 24. a3 a5 25. Re4 g5 26. Rae1 h6 27. Re6+ Kf7 28. Rxh6 Bf8 29. Nxg5+ Kg7 30. Ne6+ Kxh6 31. Nxd8 1-0